Outsourcing (Record no. 1990)
[ view plain ]
| 000 -LEADER | |
|---|---|
| fixed length control field | 00353nam a22001457a 4500 |
| 008 - FIXED-LENGTH DATA ELEMENTS--GENERAL INFORMATION | |
| fixed length control field | 250220b |||||||| |||| 00| 0 eng d |
| 020 ## - INTERNATIONAL STANDARD BOOK NUMBER | |
| ISBN | 13: 9780471676263 |
| 100 ## - MAIN ENTRY--AUTHOR | |
| Author | BRAGG, M. Steven |
| 245 ## - TITLE STATEMENT | |
| Title | Outsourcing |
| 250 ## - EDITION STATEMENT | |
| Edition statement | 2nd |
| 260 ## - PUBLICATION, DISTRIBUTION, ETC. (IMPRINT) | |
| Place of publication | New Jersey |
| Name of publisher | John Wiley & Sons Inc. |
| Date of publication | 2006 |
| 300 ## - COLLATION | |
| Pagination | xvi, 283p. |
| 942 ## - ADDED ENTRY ELEMENTS (KOHA) | |
| Item type | Books |
| 050 ## - LIBRARY OF CONGRESS CALL NUMBER | |
| Classification number | HD2363 |
| Item number | .B73 |
| Source of classification or shelving scheme | Not for loan | Permanent location | Current location | Date acquired | Accession No. | Full call number | Barcode. | Koha item type |
|---|---|---|---|---|---|---|---|---|
| Library of Congress Classification | Samuel Ogbemudia Main Library, University of Abuja | Samuel Ogbemudia Main Library, University of Abuja | 02/20/2025 | 2007/33274 | HD2363.B73 | 2025-0128 | Books |